Diagnostikovanie vplyvných pozorovaní a overenie predpokladov o náhodnej zložke klasického lineárneho regresného modelu prostredníctvom grafickej analýzy rezíduí

Gespeichert in:
Bibliographische Detailangaben
1. Verfasser: Šoltés, Erik, 1974-
Format: Buchkapitel
Sprache:Slowakisch
Veröffentlicht: Bratislava Katedra štatistiky FHI EU 2008
Schlagworte:
Tags: Tag hinzufügen
Keine Tags, Fügen Sie das erste Tag hinzu!

MARC

LEADER 00000naa$a2200000$$$4500
001 0110491
005 20240502072224.0
041 0 |a slo 
044 |a SK 
245 1 0 |a Diagnostikovanie vplyvných pozorovaní a overenie predpokladov o náhodnej zložke klasického lineárneho regresného modelu prostredníctvom grafickej analýzy rezíduí  |c Erik Šoltés 
264 1 |a Bratislava  |b Katedra štatistiky FHI EU  |c 2008 
500 |a Prezentácia 
610 2 0 |a modely regresné 
610 2 0 |a štatistika matematická 
610 2 0 |a modely lineárne 
100 1 |a Šoltés, Erik, 1974-